000 00597nam a2200181Ia 4500
008 090124s9999 xx 000 0 und d
082 _b4025
_a771
100 _aदातार रा. ह. (रामचंद्र हरि)
245 _a पे्रमबंधन
250 _a1
260 _c1929
300 _a327
600 _aदातार रा. ह. (रामचंद्र हरि)
630 _a पे्रमबंधन
700 _aदातार रा. ह. (रामचंद्र हरि)
730 _a पे्रमबंधन
942 _cBOOK
999 _c117966
_d117966